| 000 | 00631 a2200229 4500 | ||
|---|---|---|---|
| 001 | 68486 | ||
| 999 |
_c68486 _d18367 |
||
| 003 | TR-AnTOB | ||
| 005 | 20251014073922.0 | ||
| 008 | 080306s tu 00000 tur | ||
| 041 | _atur | ||
| 050 |
_aJC571 _bI5 2006 |
||
| 090 | _aJC571 I5 2006 | ||
| 245 | 0 |
_aİnsan hakları : _btemel Bilgiler, koruma mekanizmaları, il ve ilçe insan hakları kurulları. |
|
| 264 | 1 |
_aAnkara : _b, _c2006. |
|
| 300 |
_a234 p. ; _c20 cm. |
||
| 650 | 0 |
_aHuman rights _98986 |
|
| 650 | 7 |
_aİnsan hakları _2etuturkob _911238 |
|
| 902 | _a0023107, 0023108, 0024027 | ||
| 903 | _aMerkez Kütüphane | ||
| 945 | _aMÇ, 14.05.2008 | ||
| 942 | _cBK | ||